000 00633nam a2200229 a 4500
999 _c11712
_d11712
001 11712
003 BD-JhCC
005 20200728092927.0
008 200728t2017 ii |||| ||a| 000 0 eng d
020 _a9788129145260
035 _a(BD-JhCC)11712
040 _aBD-JhCC
_dBD-JhCC
041 _aeng
082 _a658.45
_bSAM 2017
100 _aSampietra, Marca
245 _aHumour at the workplace /
_cMarca Sampietra .
260 _aNew Delhi
_bRupa Publication;
_c2017.
300 _a170 p. :
_c20 cm.
650 _aIndia
_xGossip in the workplace
_zHumor in the workplace
_zBibliography
942 _2ddc
_cBK